zpět

Detail výsledku týmu

Bledý Úsvit, Český Těšín

Datum a čas kvízu

12.5 Celkem bodů Celkový počet nahraných bodů na tomto kvízu bez doplňovacích otázek.
4. Pořadí na kvízu Konečné umístění týmu na tomto kvízu.

Zaznamenané odpovědi

# Otázka Odpověď Body Výsledky
1. V každé otázce tématu budete m... princ 0
2. Nyní hledáme slovo na čtyři pí... drak 0
3. Další slovo je na šest písmen:... kouzlo 0
4. Nyní hledáme jméno na šest pís... Bajaja 0
5. Poslední hledané slovo má čtyř... víla 0
6. Kniha Uprchlík na ptačím strom... Ondřej Sekora 0
7. V roce 2008 vydala J.K. Rowlin... Bajky barda Beedleho; Hermioně 0.5
8. Součástí Werichovy knihy Fimfá... vrabce/ptáčka (který záhy uletěl) 0
9. Pokud máte doma tuto sbírku ru... Krása nesmírná 0
10. Poslední otázka bude věnována... slon v hroznýši; klobouk 0.5